Statistiques concernant Dates de règne des principaux rois en France avec illustration

Cliquez ici pour prendre le quiz!

Statistiques générales

  • Ce quiz a été pris 70 fois
  • Le résultat moyen est 7 sur 12

Statistiques - réponses

Réponse% Correct
Louis XIV : 1643-1715
93%
Louis XIII : 1610-1643
83%
Henri IV : 1589-1610
80%
Louis XV : 1715-1774
78%
Louis XVI : 1774-1792
78%
François Ier : 1515-1547
73%
Henri III : 1574-1589
63%
Saint Louis (Louis IX) : 1226-1270
49%
Charlemagne : 768-814
46%
Philippe IV le Bel : 1285-1314
37%
Clovis : 481-511
34%
Philippe II Auguste : 1180-1223
29%

Distribution des résultats

Percentile par nombre de réponses

% des personnes avec chaque résultat

Votre développement - résultats

Vous n’avez pas pris ce quiz